[Event "MP do 16 lat - chlopcy"]
[Site "Sypniewo"]
[Date "2022.03.19"]
[Round "1.25"]
[White "Garwacki, Kornel"]
[Black "Biesiadecki, Adam"]
[Result "0-1"]
[BlackElo "1916"]
[WhiteElo "1512"]
[LiveChessVersion "1.4.8"]

1. Nc3 {[%clk 1:30:59]} c5 {[%clk 1:28:48]} 2. e4 {[%clk 1:31:13]} g6
{[%clk 1:28:43]} 3. g3 {[%clk 1:30:44]} Bg7 {[%clk 1:29:07]} 4. Bg2
{[%clk 1:30:43]} Nc6 {[%clk 1:29:25]} 5. Nge2 {[%clk 1:30:15]} d6
{[%clk 1:29:26]} 6. O-O {[%clk 1:30:29]} e6 {[%clk 1:29:30]} 7. d3
{[%clk 1:29:29]} Nge7 {[%clk 1:29:35]} 8. f4 {[%clk 1:25:26]} O-O
{[%clk 1:29:30]} 9. Kh1 {[%clk 1:24:16]} Rb8 {[%clk 1:29:16]} 10. a4
{[%clk 1:23:30]} a6 {[%clk 1:29:17]} 11. Be3 {[%clk 1:21:19]} b5 {[%clk 1:24:06]}
12. axb5 {[%clk 1:20:24]} axb5 {[%clk 1:24:27]} 13. d4 {[%clk 1:17:00]} b4
{[%clk 1:22:14]} 14. Na4 {[%clk 1:14:36]} cxd4 {[%clk 1:19:09]} 15. Nxd4
{[%clk 1:14:28]} Qc7 {[%clk 1:16:08]} 16. c3 {[%clk 1:09:59]} Bd7
{[%clk 1:11:20]} 17. Rf2 {[%clk 0:57:32]} Rfc8 {[%clk 1:04:28]} 18. Rd2
{[%clk 0:40:35]} Na5 {[%clk 0:57:22]} 19. Bf1 {[%clk 0:33:42]} Nc4
{[%clk 0:53:08]} 20. Bxc4 {[%clk 0:33:43]} Qxc4 {[%clk 0:53:31]} 21. b3
{[%clk 0:23:05]} Bxa4 {[%clk 0:52:05]} 22. Rxa4 {[%clk 0:23:15]} Qxc3
{[%clk 0:51:08]} 23. Rd3 {[%clk 0:23:13]} Qc7 {[%clk 0:50:30]} 24. Qd2
{[%clk 0:21:51]} Qb7 {[%clk 0:49:30]} 25. Qg2 {[%clk 0:20:06]} Ra8
{[%clk 0:48:41]} 26. Rxa8 {[%clk 0:19:27]} Rxa8 {[%clk 0:49:01]} 27. Nc2
{[%clk 0:17:50]} Ra2 {[%clk 0:45:09]} 28. Rxd6 {[%clk 0:14:36]} Qc7
{[%clk 0:45:16]} 29. Rd2 {[%clk 0:14:16]} Qc3 {[%clk 0:44:10]} 30. h4
{[%clk 0:09:49]} h5 {[%clk 0:38:39]} 31. Kh2 {[%clk 0:07:52]} Qxb3
{[%clk 0:38:07]} 32. Nxb4 {[%clk 0:07:04]} Ra4 {[%clk 0:29:26]} 33. Nc2
{[%clk 0:07:06]} Rc4 {[%clk 0:29:02]} 34. Bg1 {[%clk 0:04:40]} Nc6
{[%clk 0:27:06]} 35. e5 {[%clk 0:05:09]} Bf8 {[%clk 0:25:26]} 36. Nd4
{[%clk 0:04:52]} Nxd4 {[%clk 0:24:43]} 37. Bxd4 {[%clk 0:05:10]} Bb4
{[%clk 0:22:10]} 38. Rb2 {[%clk 0:04:43]} Qd3 {[%clk 0:21:46]} 39. Bg1
{[%clk 0:04:30]} Be1 {[%clk 0:21:19]} 40. Bf2 {[%clk 0:33:39]} Bb4
{[%clk 0:44:16]} 41. Bg1 {[%clk 0:30:33]} Re4 {[%clk 0:41:19]} 42. Qc2
{[%clk 0:27:23]} Qd5 {[%clk 0:38:57]} 43. Qg2 {[%clk 0:24:58]} Qc4
{[%clk 0:35:00]} 44. Rc2 {[%clk 0:22:48]} Qd3 {[%clk 0:34:37]} 45. Rb2
{[%clk 0:21:52]} Bc3 {[%clk 0:31:53]} 46. Ra2 {[%clk 0:21:13]} Re1
{[%clk 0:30:08]} 47. Qc2 {[%clk 0:16:23]} Qf3 {[%clk 0:27:55]} 48. Qg2
{[%clk 0:16:16]} Qd1 {[%clk 0:26:46]} 49. Ra8+ {[%clk 0:14:14]} Kg7
{[%clk 0:26:59]} 50. Ra2 {[%clk 0:14:11]} Qg4 {[%clk 0:22:43]} 51. Bf2
{[%clk 0:13:34]} Rd1 {[%clk 0:22:31]} 52. Bg1 {[%clk 0:12:58]} Rd3
{[%clk 0:22:12]} 53. Rc2 {[%clk 0:11:48]} g5 {[%clk 0:19:11]} 54. Bf2
{[%clk 0:07:16]} Bd2 {[%clk 0:13:55]} 55. fxg5 {[%clk 0:04:35]} Bc3
{[%clk 0:13:30]} 56. Qf1 {[%clk 0:02:39]} Rd1 {[%clk 0:12:30]} 57. Qe2
{[%clk 0:02:07]} Qxe2 {[%clk 0:10:22]} 58. Rxe2 {[%clk 0:02:35]} Rd5
{[%clk 0:10:39]} 59. Kg2 {[%clk 0:02:52]} Kg6 {[%clk 0:10:31]} 60. Kf3
{[%clk 0:02:55]} Kf5 {[%clk 0:10:33]} 61. Re3 {[%clk 0:02:12]} Bxe5
{[%clk 0:10:47]} 62. Be1 {[%clk 0:02:17]} Bd4 {[%clk 0:10:15]} 63. Rd3
{[%clk 0:01:53]} e5 {[%clk 0:10:29]} 64. Rd1 {[%clk 0:01:50]} Rb5
{[%clk 0:10:43]} 65. Kg2 {[%clk 0:01:22]} Rb3 {[%clk 0:10:41]} 66. Rd2
{[%clk 0:01:32]} Kg4 {[%clk 0:09:51]} 67. Re2 {[%clk 0:01:38]} Be3
{[%clk 0:09:03]} 68. Rc2 {[%clk 0:01:41]} Bd4 {[%clk 0:07:33]} 69. Re2
{[%clk 0:01:55]} Re3 {[%clk 0:07:38]} 70. Rxe3 {[%clk 0:00:46]} Bxe3
{[%clk 0:08:06]} 71. Bc3 {[%clk 0:00:44]} Bd4 {[%clk 0:08:09]} 72. Be1
{[%clk 0:01:08]} e4 {[%clk 0:08:33]} 73. Bd2 {[%clk 0:01:19]} e3 {[%clk 0:08:32]}
74. Be1 {[%clk 0:01:18]} e2 {[%clk 0:08:48]} 75. Ba5 {[%clk 0:01:05]} Be5
{[%clk 0:09:01]} 76. Be1 {[%clk 0:01:11]} Bd6 {[%clk 0:09:22]} 77. Bf2
{[%clk 0:00:32]} Bb4 {[%clk 0:09:38]} 78. g6 {[%clk 0:00:31]} fxg6
{[%clk 0:09:54]} 0-1

[Event "MP do 16 lat - chlopcy"]
[Site "Sypniewo"]
[Date "2022.03.19"]
[Round "1.26"]
[White "Kutowski, Marcel"]
[Black "Bajer, Tomasz"]
[Result "1-0"]
[BlackElo "1460"]
[WhiteElo "1914"]
[LiveChessVersion "1.4.8"]

1. e4 {[%clk 1:30:57]} c5 2. Nf3 {[%clk 1:31:20]} d6 {[%clk 1:31:18]} 3. d4
{[%clk 1:31:39]} cxd4 {[%clk 1:31:42]} 4. Nxd4 {[%clk 1:32:06]} Nc6
{[%clk 1:31:37]} 5. Nc3 {[%clk 1:29:51]} g6 {[%clk 1:31:29]} 6. Be3
{[%clk 1:30:02]} Bg7 {[%clk 1:31:35]} 7. Qd2 {[%clk 1:29:47]} Nf6
{[%clk 1:31:15]} 8. f3 {[%clk 1:30:06]} O-O {[%clk 1:30:31]} 9. O-O-O
{[%clk 1:29:25]} d5 {[%clk 1:30:05]} 10. exd5 {[%clk 1:28:59]} Nxd5
{[%clk 1:30:20]} 11. Nxc6 {[%clk 1:29:20]} bxc6 {[%clk 1:29:30]} 12. Bd4
{[%clk 1:29:39]} e5 {[%clk 1:23:23]} 13. Bc5 {[%clk 1:30:00]} Be6
{[%clk 1:21:20]} 14. Ne4 {[%clk 1:28:34]} Re8 {[%clk 1:08:28]} 15. h4
{[%clk 1:27:11]} Re7 {[%clk 0:44:34]} 16. Bxe7 {[%clk 0:44:31]} Qxe7
{[%clk 0:44:57]} 17. Bc4 {[%clk 0:44:16]} Rb8 {[%clk 0:39:07]} 18. Bb3
{[%clk 0:41:54]} h6 {[%clk 0:24:24]} 19. h5 {[%clk 0:29:48]} f5 {[%clk 0:21:36]}
20. Nc3 {[%clk 0:28:14]} Nxc3 {[%clk 0:14:54]} 21. Qxc3 {[%clk 0:27:33]} e4
{[%clk 0:13:33]} 22. Qxc6 {[%clk 0:26:38]} Bxb3 {[%clk 0:12:57]} 23. axb3
{[%clk 0:26:52]} Rb6 {[%clk 0:10:35]} 24. Qc8+ {[%clk 0:25:23]} Kh7
{[%clk 0:10:59]} 25. hxg6+ {[%clk 0:25:42]} Kxg6 {[%clk 0:10:41]} 26. fxe4
{[%clk 0:25:15]} Qxe4 {[%clk 0:10:10]} 27. Rhe1 {[%clk 0:25:03]} Qh4
{[%clk 0:09:02]} 28. Re6+ {[%clk 0:25:07]} Kh7 {[%clk 0:09:08]} 29. Rxb6
{[%clk 0:25:02]} axb6 {[%clk 0:09:29]} 30. Qxf5+ {[%clk 0:25:23]} Kh8
{[%clk 0:09:44]} 31. Kb1 {[%clk 0:23:42]} b5 {[%clk 0:08:28]} 32. Qxb5
{[%clk 0:23:04]} Qf6 {[%clk 0:07:58]} 33. Qe8+ {[%clk 0:23:21]} Kh7
{[%clk 0:08:22]} 34. Qe4+ {[%clk 0:23:44]} Kg8 {[%clk 0:08:45]} 35. c3
{[%clk 0:23:58]} Qb6 {[%clk 0:08:37]} 36. b4 {[%clk 0:24:12]} Kf7
{[%clk 0:08:32]} 37. Qd5+ {[%clk 0:24:30]} Ke7 {[%clk 0:08:26]} 38. Re1+
{[%clk 0:24:49]} Kf6 {[%clk 0:08:33]} 39. Rf1+ {[%clk 0:25:07]} 1-0

[Event "MP do 16 lat - chlopcy"]
[Site "Sypniewo"]
[Date "2022.03.20"]
[Round "2.1"]
[White "Klimkowski, Jan"]
[Black "Zdybel, Przemyslaw"]
[Result "1-0"]
[BlackElo "2008"]
[WhiteElo "2350"]
[LiveChessVersion "1.4.8"]

1. e4 {[%clk 1:30:55]} c5 {[%clk 1:30:53]} 2. Nf3 {[%clk 1:31:20]} d6
{[%clk 1:31:17]} 3. d4 {[%clk 1:31:47]} cxd4 {[%clk 1:31:41]} 4. Nxd4
{[%clk 1:32:15]} Nf6 {[%clk 1:32:05]} 5. Nc3 {[%clk 1:32:42]} a6 {[%clk 1:32:28]}
6. Bg5 {[%clk 1:33:08]} e6 {[%clk 1:32:42]} 7. f4 {[%clk 1:33:32]} Be7
{[%clk 1:33:06]} 8. Qf3 {[%clk 1:33:53]} Qc7 {[%clk 1:33:20]} 9. O-O-O
{[%clk 1:34:14]} Nbd7 {[%clk 1:33:27]} 10. g4 {[%clk 1:34:24]} b5
{[%clk 1:33:41]} 11. Bxf6 {[%clk 1:34:41]} Nxf6 {[%clk 1:34:02]} 12. g5
{[%clk 1:35:05]} Nd7 {[%clk 1:34:26]} 13. f5 {[%clk 1:35:31]} Bxg5+
{[%clk 1:34:47]} 14. Kb1 {[%clk 1:35:58]} O-O {[%clk 1:34:54]} 15. fxe6
{[%clk 1:36:23]} Nb6 {[%clk 1:35:10]} 16. Nd5 {[%clk 1:36:36]} Nxd5
{[%clk 1:35:28]} 17. exd5 {[%clk 1:37:02]} fxe6 {[%clk 1:35:50]} 18. Qg4
{[%clk 1:37:24]} e5 {[%clk 1:36:08]} 19. Qxg5 {[%clk 1:37:51]} exd4
{[%clk 1:36:30]} 20. Bd3 {[%clk 1:38:16]} g6 {[%clk 1:35:35]} 21. Rhf1
{[%clk 1:38:36]} Qg7 {[%clk 1:32:43]} 22. Rxf8+ {[%clk 1:38:44]} Qxf8
{[%clk 1:33:08]} 23. Bxg6 {[%clk 1:38:42]} hxg6 {[%clk 1:33:02]} 24. Qxg6+
{[%clk 1:39:09]} Qg7 {[%clk 1:33:25]} 25. Qe8+ {[%clk 1:39:22]} Kh7
{[%clk 1:33:52]} 26. Re1 {[%clk 1:39:32]} Kh6 {[%clk 1:33:40]} 27. Qc6
{[%clk 1:21:35]} Bb7 {[%clk 1:22:44]} 28. Qxd6+ {[%clk 1:21:23]} Kh5
{[%clk 1:23:04]} 29. Qf4 {[%clk 1:19:08]} Qg2 {[%clk 1:12:58]} 1-0

[Event "MP do 16 lat - chlopcy"]
[Site "Sypniewo"]
[Date "2022.03.20"]
[Round "2.2"]
[White "Madej, Marek"]
[Black "Karolczuk, Iwo"]
[Result "1/2-1/2"]
[BlackElo "2328"]
[WhiteElo "2017"]
[LiveChessVersion "1.4.8"]

1. e4 {[%clk 1:30:57]} e5 {[%clk 1:29:49]} 2. Nf3 {[%clk 1:31:19]} Nc6
{[%clk 1:30:13]} 3. Bc4 {[%clk 1:31:19]} Nf6 {[%clk 1:30:27]} 4. d3
{[%clk 1:31:31]} h6 {[%clk 1:30:38]} 5. O-O {[%clk 1:31:35]} d6 {[%clk 1:27:26]}
6. a4 {[%clk 1:31:27]} g6 {[%clk 1:20:59]} 7. Nc3 {[%clk 1:31:29]} Bg7
{[%clk 1:21:22]} 8. Re1 {[%clk 1:25:14]} O-O {[%clk 1:19:35]} 9. a5
{[%clk 1:25:01]} a6 {[%clk 1:18:57]} 10. Be3 {[%clk 1:13:48]} Kh7
{[%clk 1:08:54]} 11. h3 {[%clk 1:06:55]} Be6 {[%clk 0:59:00]} 12. Bxe6
{[%clk 1:04:33]} fxe6 {[%clk 0:59:22]} 13. d4 {[%clk 1:04:46]} Nh5
{[%clk 0:53:54]} 14. d5 {[%clk 0:58:27]} exd5 {[%clk 0:53:22]} 15. Nxd5
{[%clk 0:58:55]} Rf7 {[%clk 0:48:02]} 16. Ra3 {[%clk 0:46:50]} Qd7
{[%clk 0:44:59]} 17. Bd2 {[%clk 0:37:47]} Raf8 {[%clk 0:41:04]} 18. Rd3
{[%clk 0:36:31]} Nf6 {[%clk 0:30:19]} 19. Nxf6+ {[%clk 0:27:21]} Rxf6
{[%clk 0:30:36]} 20. Rf1 {[%clk 0:21:25]} Qe6 {[%clk 0:27:35]} 21. b3
{[%clk 0:19:19]} g5 {[%clk 0:19:37]} 22. Nh2 {[%clk 0:15:47]} Ne7
{[%clk 0:18:51]} 23. Ng4 {[%clk 0:15:20]} R6f7 {[%clk 0:17:55]} 24. Ne3
{[%clk 0:07:20]} Ng6 {[%clk 0:15:24]} 25. Nf5 {[%clk 0:07:26]} Rxf5
{[%clk 0:14:09]} 26. exf5 {[%clk 0:07:54]} Rxf5 {[%clk 0:13:12]} 27. Qg4
{[%clk 0:07:02]} e4 {[%clk 0:12:39]} 28. Re1 {[%clk 0:06:30]} d5 {[%clk 0:12:25]}
29. Rf3 {[%clk 0:06:48]} Nf4 {[%clk 0:10:09]} 30. Bxf4 {[%clk 0:06:02]} Qf7
{[%clk 0:10:00]} 31. Bxg5 {[%clk 0:05:17]} exf3 {[%clk 0:09:29]} 32. Re7
{[%clk 0:04:06]} Qg6 {[%clk 0:04:13]} 33. Be3 {[%clk 0:03:57]} Rf7
{[%clk 0:03:58]} 34. Rxf7 {[%clk 0:02:18]} Qxf7 {[%clk 0:04:23]} 35. gxf3
{[%clk 0:02:37]} Qg6 {[%clk 0:03:39]} 36. Bf4 {[%clk 0:00:51]} Qxc2
{[%clk 0:02:20]} 37. Qd7 {[%clk 0:00:41]} Qg6+ {[%clk 0:00:53]} 38. Kh2
{[%clk 0:01:04]} Qf6 {[%clk 0:00:43]} 39. Bxc7 {[%clk 0:00:36]} Qxf3
{[%clk 0:00:36]} 40. Bg3 {[%clk 0:30:33]} d4 {[%clk 0:30:39]} 41. Kg1
{[%clk 0:26:32]} Qe4 {[%clk 0:24:23]} 42. Qc7 {[%clk 0:24:50]} d3
{[%clk 0:21:42]} 43. Bf4 {[%clk 0:24:50]} Qd5 {[%clk 0:18:15]} 44. b4
{[%clk 0:23:33]} Kg6 {[%clk 0:17:14]} 45. Be3 {[%clk 0:23:15]} Bf6
{[%clk 0:11:18]} 46. Qg3+ {[%clk 0:21:19]} Kf7 {[%clk 0:10:03]} 47. Qc7+
{[%clk 0:16:12]} 1/2-1/2

[Event "MP do 16 lat - chlopcy"]
[Site "Sypniewo"]
[Date "2022.03.20"]
[Round "2.3"]
[White "Malek, Jan"]
[Black "Maslanka, Wojciech"]
[Result "1-0"]
[BlackElo "1980"]
[WhiteElo "2230"]
[LiveChessVersion "1.4.8"]

1. e4 {[%clk 1:30:57]} c5 {[%clk 1:30:47]} 2. Ne2 {[%clk 1:31:17]} d6
{[%clk 1:30:42]} 3. Nbc3 {[%clk 1:31:33]} a6 {[%clk 1:29:38]} 4. g3
{[%clk 1:31:58]} g6 {[%clk 1:21:03]} 5. Bg2 {[%clk 1:32:18]} Bg7 {[%clk 1:21:22]}
6. d4 {[%clk 1:32:44]} cxd4 {[%clk 1:20:19]} 7. Nxd4 {[%clk 1:33:07]} Nf6
{[%clk 1:19:15]} 8. h3 {[%clk 1:29:06]} O-O {[%clk 1:14:09]} 9. Be3
{[%clk 1:26:11]} Qc7 {[%clk 1:01:37]} 10. a4 {[%clk 1:19:10]} Nc6
{[%clk 0:59:29]} 11. Nde2 {[%clk 1:19:33]} Rb8 {[%clk 0:48:15]} 12. g4
{[%clk 0:53:51]} b5 {[%clk 0:45:41]} 13. g5 {[%clk 0:53:23]} Nd7 {[%clk 0:45:40]}
14. axb5 {[%clk 0:53:17]} axb5 {[%clk 0:45:44]} 15. f4 {[%clk 0:47:00]} Nb6
{[%clk 0:40:09]} 16. Nxb5 {[%clk 0:45:50]} Qd7 {[%clk 0:40:33]} 17. Nec3
{[%clk 0:31:21]} Nc4 {[%clk 0:40:07]} 18. Bc1 {[%clk 0:30:28]} Nb4
{[%clk 0:25:09]} 19. Bf1 {[%clk 0:21:51]} Rxb5 {[%clk 0:21:31]} 20. Bxc4
{[%clk 0:20:49]} Rc5 {[%clk 0:21:40]} 21. Bd3 {[%clk 0:18:34]} Rxc3
{[%clk 0:13:42]} 22. bxc3 {[%clk 0:19:02]} Bxc3+ {[%clk 0:14:03]} 23. Bd2
{[%clk 0:19:31]} Nxd3+ {[%clk 0:14:21]} 24. cxd3 {[%clk 0:19:50]} Bxa1
{[%clk 0:14:48]} 25. Qxa1 {[%clk 0:20:18]} Qb5 {[%clk 0:15:07]} 26. Ke2
{[%clk 0:19:32]} Ba6 {[%clk 0:12:33]} 27. Qd4 {[%clk 0:19:37]} Rc8
{[%clk 0:08:27]} 28. Ra1 {[%clk 0:15:56]} Rc2 {[%clk 0:06:18]} 29. Ra4
{[%clk 0:08:00]} Bc8 {[%clk 0:02:38]} 30. Ra8 {[%clk 0:07:29]} Qd7
{[%clk 0:00:43]} 31. Kd1 {[%clk 0:07:01]} Rc5 {[%clk 0:00:39]} 32. Bc3
{[%clk 0:05:58]} e5 {[%clk 0:00:56]} 33. fxe5 {[%clk 0:06:21]} Rxe5
{[%clk 0:00:38]} 34. Qf2 {[%clk 0:05:18]} Qb7 {[%clk 0:00:33]} 35. Ra7
{[%clk 0:03:36]} Qb3+ {[%clk 0:00:58]} 36. Kd2 {[%clk 0:02:35]} Rxg5
{[%clk 0:00:34]} 37. Qf6 {[%clk 0:02:03]} Rg2+ {[%clk 0:00:56]} 38. Ke3
{[%clk 0:02:27]} Rg3+ {[%clk 0:00:38]} 39. Kf2 {[%clk 0:02:03]} Qc2+
{[%clk 0:00:35]} 40. Kxg3 {[%clk 0:32:25]} Qxd3+ {[%clk 0:30:58]} 41. Qf3
{[%clk 0:32:26]} Qc4 {[%clk 0:31:00]} 42. Ra8 1-0

[Event "MP do 16 lat - chlopcy"]
[Site "Sypniewo"]
[Date "2022.03.20"]
[Round "2.4"]
[White "Zalega, Maciej"]
[Black "Rog, Bartlomiej"]
[Result "1/2-1/2"]
[BlackElo "2143"]
[WhiteElo "1994"]
[LiveChessVersion "1.4.8"]

1. e4 {[%clk 1:30:50]} c5 {[%clk 1:30:46]} 2. Nf3 {[%clk 1:31:17]} Nc6
{[%clk 1:31:06]} 3. d4 {[%clk 1:31:45]} cxd4 {[%clk 1:31:24]} 4. Nxd4
{[%clk 1:32:13]} Nf6 {[%clk 1:31:42]} 5. Nc3 {[%clk 1:32:41]} d6 {[%clk 1:31:59]}
6. Bc4 {[%clk 1:32:40]} e6 {[%clk 1:27:15]} 7. Be3 {[%clk 1:32:48]} Be7
{[%clk 1:26:38]} 8. Qe2 {[%clk 1:33:01]} a6 {[%clk 1:26:56]} 9. O-O-O
{[%clk 1:33:19]} Nxd4 {[%clk 1:19:43]} 10. Bxd4 {[%clk 1:33:26]} b5
{[%clk 1:19:32]} 11. Bb3 {[%clk 1:33:07]} Bb7 {[%clk 1:19:49]} 12. a3
{[%clk 1:32:33]} O-O {[%clk 1:15:03]} 13. g4 {[%clk 1:31:11]} b4 {[%clk 1:08:50]}
14. axb4 {[%clk 1:30:17]} a5 {[%clk 1:08:15]} 15. b5 {[%clk 1:29:22]} a4
{[%clk 1:08:34]} 16. Nxa4 {[%clk 1:29:21]} Nxe4 {[%clk 1:08:49]} 17. f3
{[%clk 1:29:12]} Ng5 {[%clk 1:07:55]} 18. Rhf1 {[%clk 1:29:40]} Rxa4
{[%clk 1:00:10]} 19. Bxa4 {[%clk 1:30:07]} Qa8 {[%clk 0:57:54]} 20. Qc4
{[%clk 1:29:51]} Nxf3 {[%clk 0:56:40]} 21. Kb1 {[%clk 1:30:14]} Nxh2
{[%clk 0:56:12]} 22. Rf2 {[%clk 1:30:21]} Bd5 {[%clk 0:53:09]} 23. Qb4
{[%clk 1:30:48]} Nxg4 {[%clk 0:53:31]} 24. Rg1 {[%clk 1:30:49]} Nxf2
{[%clk 0:51:48]} 25. Rxg7+ {[%clk 1:31:15]} Kh8 {[%clk 0:52:05]} 26. Rxf7+
{[%clk 1:31:40]} e5 {[%clk 0:52:27]} 27. Rxf2 {[%clk 1:32:05]} exd4
{[%clk 0:52:12]} 28. Qxd4+ {[%clk 1:32:28]} Kg8 {[%clk 0:52:36]} 29. Qg4+
{[%clk 1:32:51]} Kh8 {[%clk 0:53:01]} 30. Qd4+ {[%clk 1:33:15]} Kg8
{[%clk 0:52:55]} 31. Qg4+ {[%clk 1:33:38]} Kh8 {[%clk 0:53:20]} 32. Qd4+
{[%clk 1:34:03]} 1/2-1/2

[Event "MP do 16 lat - chlopcy"]
[Site "Sypniewo"]
[Date "2022.03.20"]
[Round "2.5"]
[White "Wojdak, Jan"]
[Black "Jedraszek, Pawel"]
[Result "1-0"]
[BlackElo "1954"]
[WhiteElo "2143"]
[LiveChessVersion "1.4.8"]

1. e4 {[%clk 1:30:56]} c5 {[%clk 1:30:50]} 2. Nf3 {[%clk 1:31:20]} d6
{[%clk 1:31:10]} 3. d4 {[%clk 1:31:42]} cxd4 {[%clk 1:31:33]} 4. Nxd4
{[%clk 1:32:07]} Nf6 {[%clk 1:31:50]} 5. Nc3 {[%clk 1:32:33]} a6 {[%clk 1:31:57]}
6. g3 {[%clk 1:32:42]} e5 {[%clk 1:31:31]} 7. Nb3 {[%clk 1:33:06]} Be6
{[%clk 1:27:50]} 8. Bg2 {[%clk 1:26:42]} b5 {[%clk 1:23:30]} 9. a4
{[%clk 1:22:27]} b4 {[%clk 1:22:08]} 10. Nd5 {[%clk 1:22:52]} Bxd5
{[%clk 1:16:19]} 11. exd5 {[%clk 1:23:12]} a5 {[%clk 1:15:41]} 12. Be3
{[%clk 1:16:43]} Nbd7 {[%clk 1:14:22]} 13. O-O {[%clk 1:16:25]} Be7
{[%clk 1:11:39]} 14. Qe2 {[%clk 1:15:12]} O-O {[%clk 1:09:24]} 15. Rac1
{[%clk 1:08:10]} Qb8 {[%clk 1:04:15]} 16. c4 {[%clk 1:04:15]} bxc3
{[%clk 1:04:09]} 17. Rxc3 {[%clk 1:04:42]} Qb4 {[%clk 0:59:47]} 18. Ra1
{[%clk 0:53:17]} Rfb8 {[%clk 0:49:40]} 19. Ra3 {[%clk 0:50:13]} Qb7
{[%clk 0:34:43]} 20. Rc6 {[%clk 0:50:24]} e4 {[%clk 0:33:43]} 21. Nd4
{[%clk 0:32:13]} Qxb2 {[%clk 0:28:59]} 22. Rc8+ {[%clk 0:32:20]} Rxc8
{[%clk 0:26:02]} 23. Qxb2 {[%clk 0:32:45]} Nxd5 {[%clk 0:26:20]} 24. Bxe4
{[%clk 0:30:59]} N7f6 {[%clk 0:25:46]} 25. Bf3 {[%clk 0:25:37]} Rab8
{[%clk 0:25:04]} 26. Rb3 {[%clk 0:25:19]} Nb4 {[%clk 0:25:25]} 27. Nf5
{[%clk 0:25:17]} Bf8 {[%clk 0:25:43]} 28. Nh6+ {[%clk 0:24:06]} gxh6
{[%clk 0:26:11]} 29. Qxf6 {[%clk 0:24:30]} Bg7 {[%clk 0:26:26]} 30. Qf5
{[%clk 0:24:13]} 1-0

[Event "MP do 16 lat - chlopcy"]
[Site "Sypniewo"]
[Date "2022.03.20"]
[Round "2.6"]
[White "Herwy, Jakub"]
[Black "Kolodziejski, Piotr"]
[Result "1/2-1/2"]
[BlackElo "2115"]
[WhiteElo "1947"]
[LiveChessVersion "1.4.8"]

1. e4 {[%clk 1:30:59]} c5 {[%clk 1:30:54]} 2. d3 {[%clk 1:31:19]} Nc6
{[%clk 1:30:55]} 3. f4 {[%clk 1:31:28]} g6 {[%clk 1:30:26]} 4. Nf3
{[%clk 1:31:46]} Bg7 {[%clk 1:30:34]} 5. Be2 {[%clk 1:32:10]} d6 {[%clk 1:30:46]}
6. O-O {[%clk 1:32:29]} Nf6 {[%clk 1:30:40]} 7. c3 {[%clk 1:32:51]} O-O
{[%clk 1:30:32]} 8. Na3 {[%clk 1:28:19]} Rb8 {[%clk 1:29:34]} 9. h3
{[%clk 1:17:15]} b5 {[%clk 1:24:50]} 10. Nc2 {[%clk 1:16:52]} b4 {[%clk 1:20:06]}
11. c4 {[%clk 1:17:00]} e6 {[%clk 1:12:17]} 12. Be3 {[%clk 1:11:39]} Qc7
{[%clk 1:03:53]} 13. b3 {[%clk 1:07:51]} Nd7 {[%clk 0:58:39]} 14. d4
{[%clk 1:06:22]} Ne7 {[%clk 0:53:34]} 15. Qd3 {[%clk 0:48:50]} Bb7
{[%clk 0:48:56]} 16. Rad1 {[%clk 0:42:03]} Rbd8 {[%clk 0:32:48]} 17. d5
{[%clk 0:41:44]} exd5 {[%clk 0:25:54]} 18. exd5 {[%clk 0:41:58]} h6
{[%clk 0:24:06]} 19. Bf2 {[%clk 0:40:54]} f5 {[%clk 0:22:51]} 20. Bh4
{[%clk 0:39:15]} Rde8 {[%clk 0:21:19]} 21. Rde1 {[%clk 0:36:09]} Kh7
{[%clk 0:20:12]} 22. Nh2 {[%clk 0:24:58]} Nf6 {[%clk 0:16:44]} 23. Bf3
{[%clk 0:24:18]} Neg8 {[%clk 0:16:20]} 24. g4 {[%clk 0:23:22]} Bc8
{[%clk 0:15:25]} 25. Ne3 {[%clk 0:21:48]} Ne4 {[%clk 0:10:50]} 26. gxf5
{[%clk 0:22:05]} gxf5 {[%clk 0:10:55]} 27. Bh5 {[%clk 0:22:08]} Ngf6
{[%clk 0:06:40]} 28. Bxe8 {[%clk 0:22:06]} Rxe8 {[%clk 0:07:02]} 29. Re2
{[%clk 0:19:24]} Nh5 {[%clk 0:06:44]} 30. Rf3 {[%clk 0:18:40]} Bd4
{[%clk 0:05:22]} 31. Nhf1 {[%clk 0:18:17]} Qf7 {[%clk 0:04:23]} 32. Rg2
{[%clk 0:16:42]} Bd7 {[%clk 0:03:53]} 33. Kh1 {[%clk 0:16:19]} Rg8
{[%clk 0:02:20]} 34. Qc2 {[%clk 0:12:23]} Re8 {[%clk 0:01:34]} 35. Qd3
{[%clk 0:10:05]} a5 {[%clk 0:01:53]} 36. Nc2 {[%clk 0:09:46]} Bh8
{[%clk 0:01:41]} 37. Re2 {[%clk 0:08:03]} Rg8 {[%clk 0:01:25]} 38. Rg2
{[%clk 0:07:34]} Rxg2 {[%clk 0:00:50]} 39. Kxg2 {[%clk 0:08:01]} Qg7+
{[%clk 0:00:57]} 40. Ng3 {[%clk 0:38:20]} Nhxg3 {[%clk 0:30:54]} 41. Bxg3
{[%clk 0:36:46]} Qb2 {[%clk 0:26:01]} 42. Re3 {[%clk 0:36:32]} Qxa2
{[%clk 0:22:04]} 43. Re2 {[%clk 0:35:30]} a4 {[%clk 0:19:03]} 44. Nxb4
{[%clk 0:34:30]} Qxb3 {[%clk 0:17:54]} 45. Qxb3 {[%clk 0:30:29]} axb3
{[%clk 0:18:16]} 46. Nd3 {[%clk 0:30:52]} Bc8 {[%clk 0:17:44]} 47. Rb2
{[%clk 0:30:58]} Bxb2 {[%clk 0:17:26]} 48. Nxb2 {[%clk 0:31:25]} Ba6
{[%clk 0:14:13]} 49. Be1 {[%clk 0:31:44]} Kg6 {[%clk 0:14:07]} 50. Kf3
{[%clk 0:31:54]} Kf7 {[%clk 0:10:01]} 51. Ke3 {[%clk 0:31:37]} Bc8
{[%clk 0:09:08]} 52. Kf3 {[%clk 0:31:24]} Kg7 {[%clk 0:08:52]} 53. Ke3
{[%clk 0:31:47]} Bd7 {[%clk 0:09:08]} 54. Kf3 {[%clk 0:31:18]} Be8
{[%clk 0:09:25]} 55. Ke3 {[%clk 0:31:30]} Bh5 {[%clk 0:09:07]} 56. Na4
{[%clk 0:31:36]} Be8 {[%clk 0:08:02]} 57. Nb2 1/2-1/2